| 000 | 01072nam a2200277 i 4500 | ||
|---|---|---|---|
| 001 | 172623 | ||
| 003 | ES-MaACL | ||
| 005 | 20250825062632.0 | ||
| 008 | 090731s1971 fr |||| | fre d | ||
| 080 | _a811.133.1 | ||
| 080 | _a087.5 | ||
| 100 | 1 |
_aBruno, G ( _qGabriel) _9141130 |
|
| 245 | 1 | 3 |
_aLe Tour de la France par deux enfants _b: devoir et patrie : livre de lecture courante avec 212 gravures instructives pour les leçons de choses et 19 cartes géographiques / _cpar G. Bruno. |
| 250 | _a411e éd. | ||
| 260 |
_aParis : _bEugène Belin, _c[1971] ( _fImp. Firmin-Didot) |
||
| 300 |
_a322 p. : _bil., map. ; _c18 cm. |
||
| 500 | _aÍndice. | ||
| 594 | _aCours moyen. | ||
| 595 | _aÉd. entièrement revue et augmentée d'un épilogue. | ||
| 650 | 4 |
_aLengua francesa- _vLibros escolares. _914224 |
|
| 650 | 4 |
_aLengua francesa- _vLecturas. _9139019 |
|
| 651 | 0 | 4 |
_aFrancia- _xDescripción. _98676 |
| 655 | 7 |
_aLibros infantiles _2tgfbne _9226786 |
|
| 852 | 4 |
_aES-MaACL _jE-12910 _9R.139283 _z. - Biblioteca Jacinto Martínez Lacalle |
|
| 999 |
_c172623 _d172623 |
||